เทคนิคการพัฒนาบุคลิกภาพ (Record no. 37513)

MARC details
000 -LEADER
fixed length control field 02754nam a22002417a 4500
003 - CONTROL NUMBER IDENTIFIER
control field TH-BaNU
005 - DATE AND TIME OF LATEST TRANSACTION
control field 20230330112225.0
008 - FIXED-LENGTH DATA ELEMENTS--GENERAL INFORMATION
fixed length control field 230330b2019 TH ||||| |||| 00| 0 tha d
020 ## - INTERNATIONAL STANDARD BOOK NUMBER
International Standard Book Number 9786160835751
040 ## - CATALOGING SOURCE
Original cataloging agency TH-BaNU
100 ## - MAIN ENTRY--PERSONAL NAME
Personal name ธัญญาภัทร์ เลิศจันทรางกูร
245 ## - TITLE STATEMENT
Title เทคนิคการพัฒนาบุคลิกภาพ
260 ## - PUBLICATION, DISTRIBUTION, ETC.
Place of publication, distribution, etc. กรุงเทพฯ:
Name of publisher, distributor, etc. ซีเอ็ดยูเคชั่น:
Date of publication, distribution, etc. 2562
300 ## - PHYSICAL DESCRIPTION
Extent 302 หน้า
520 ## - SUMMARY, ETC.
Summary, etc. ในชีวิตประจำวัน คนเราจำเป็นต้องมีการปฏิสัมพันธ์สังสรรค์ พูดคุยกับบุคคลรอบตัวอยู่ตลอดเวลา สิ่งสำคัญประการแรกที่จะช่วยสร้างสัมพันธภาพที่ดีระหว่างกันก็คือ การพัฒนาบุคลิกภาพของตนเองให้เป็นที่ประทับใจต่อผู้พบเห็น การศึกษาเทคนิคการพัฒนาบุคลิกภาพจะทำให้ผู้ศึกษาได้รับความรู้ความเข้าใจเกี่ยวกับบุคลิกภาพของบุคคลทั้งภายนอกและภายใน จนทำให้มีลักษณะโดดเด่นเป็นเอกลักษณ์ของแต่ละบุคคล เรียนรู้ทฤษฎีบุคลิกภาพที่จะทำให้เข้าใจถึงพัฒนาการของมนุษย์ เข้าใจถึงสุขภาพจิต การปรับตัวของบุคคล รวมถึงการรับรู้ตนเองและเรียนรู้เทคนิคการสร้างมนุษยสัมพันธ์ที่จะอยู่ร่วมกับผู้อื่น จนทำให้ได้รับการพัฒนาบุคลิกภาพที่สมบูรณ์ ดังวลีที่ว่า "บุคลิกภาพดีย่อมมีชัยไปกว่าครึ่ง"
650 ## - SUBJECT ADDED ENTRY--TOPICAL TERM
Topical term or geographic name entry element เทคนิคการพัฒนาบุคลิกภาพ
650 ## - SUBJECT ADDED ENTRY--TOPICAL TERM
Topical term or geographic name entry element การบริหารจัดการ
650 ## - SUBJECT ADDED ENTRY--TOPICAL TERM
Topical term or geographic name entry element การบริหาร
850 ## - HOLDING INSTITUTION
Holding institution Kuakarun Nursing Library
856 ## - ELECTRONIC LOCATION AND ACCESS
Uniform Resource Identifier <a href="https://se-ed.belibcloud.com/book-detail/18045">https://se-ed.belibcloud.com/book-detail/18045</a>
Link text se-ed e-library
942 ## - ADDED ENTRY ELEMENTS (KOHA)
Source of classification or shelving scheme Local Classification
Koha item type Electronic books
998 ## - STAFF NAME (NMU)
Cataloger Bee
Holdings
Withdrawn status Lost status Source of classification or shelving scheme Damaged status Not for loan Home library Current library Shelving location Date acquired Total Checkouts Barcode Date last seen Price effective from Koha item type
    Local Classification   Online Access Kuakarun Nursing Library Kuakarun Nursing Library Processing unit 30/03/2023   eb37513 30/03/2023 30/03/2023 Electronic books